Five-Letter First Name Chain - Statistics

General Stats
  • This quiz has been taken 26 times
  • The average score is 9 of 15
Answer Stats
Hint Answer % Correct
_____ in Wonderland Alice
95%
Princess of Wales who died in 1997 Diana
82%
A tree or eye colour Hazel
82%
Good Golly Miss _____ Molly
77%
First name of musicians Richards or Urban Keith
73%
A word meaning blunt or honest Frank
59%
First name of actresses Dern or Linney Laura
59%
Biblical Abraham's original name Abram
55%
Italian word meaning "beautiful" Bella
55%
Astronomer _____ Hubble Edwin
45%
Cat Stevens' Muslim name: ____ Islam Yusuf
41%
Biblical spy of Canaan Caleb
36%
Female name with both Hebrew and Japanese origins Naomi
36%
Male name containing a double vowel Isaac
32%
Arabic name meaning "highly praised" Ahmed
27%
No matching quizzes found
Score Distribution
Percent of People with Each Score
Percentile by Number Answered
Your Score History
You have not taken this quiz